000 01256nam a2200325 4500
003 EG-GICUC
005 20260121101556.0
008 251231r2011 ua ||||fr|||| 000 0 ara d
017 _a200/17380
020 _a978-977-6851-2
040 _a EG-GICUC
_bara
_c EG-GICUC
_d EG-GICUC
_erda
082 0 4 _221
_a343.652
_bح س . ت
092 0 4 _221
099 _aLaw1 10 343.652 ح س . ت 2011
100 0 _aحسام محمد السيد أفندي
_eمؤلف.
245 1 2 _aالتشكيلات العصابية في القانون الجنائي :
_bدراسة مقارنة /
_cحسام محمد السيد أفندي.
264 1 _aالقاهرة :
_bدار النهضة العربية,
_c2011.
300 _a588 صفحة, صفحات غير مرقمة ؛
_c24 سم.
336 _2rda content
_atext
337 _2rda media
_aComputer
338 _2rda carrier
_aOnline Resource
504 _aببليوجرافيا: صفحات 587 - 547
504 _aيشتمل على إرجاعات ببليوجرافية.
546 _aالنص باللغة العربية
650 1 _aالإجرام المنظم
_2qrmak
651 1 _2qrmak
856 4 0 _uhttps://fll.law.cu.edu.eg/fulltext/bks/B10-07074.pdf
905 _a62
942 _2ddc
_n0
_cBK
_e21
999 _c53512
_d53512